[Event "Oberliga Nord N 2223"]
[Site "Germany"]
[Date "2023.03.19"]
[Round "7.7"]
[White "Mueller, Friedrich"]
[Black "Laqua, Christian"]
[Result "1/2-1/2"]
[WhiteElo "1952"]
[BlackElo "2089"]
[PlyCount "32"]
[EventDate "2022.10.23"]
[EventType "team-tourn"]
[EventRounds "9"]
[EventCountry "GER"]
[SourceTitle "EXT 2025"]
[Source "ChessBase"]
[SourceDate "2024.10.14"]
[SourceVersion "1"]
[SourceVersionDate "2024.10.14"]
[SourceQuality "1"]
[WhiteTeam "Bad Schwartau"]
[BlackTeam "Hamburg Diogenes"]
[WhiteTeamCountry "GER"]
[BlackTeamCountry "GER"]

1. Nf3 d6 2. d4 g6 3. g3 Bg7 4. Bg2 Nd7 5. c4 e5 6. e3 Ne7 7. 0-0 0-0 8. Nc3 Nf5 9. d5 Nh6 10. e4 f6 11. b3 a5 12. Bd2 Nc5 13. Be3 b6 14. Rb1 Nf7 15. Nh4 Bh6 16. Qd2 Bxe3 1/2-1/2

[Event "Oberliga Nord N 2223"]
[Site "Germany"]
[Date "2023.02.26"]
[Round "6.7"]
[White "Zur Lage, Julian"]
[Black "Mueller, Friedrich"]
[Result "0-1"]
[WhiteElo "2145"]
[BlackElo "1952"]
[PlyCount "148"]
[EventDate "2022.10.23"]
[EventType "team-tourn"]
[EventRounds "9"]
[EventCountry "GER"]
[SourceTitle "EXT 2025"]
[Source "ChessBase"]
[SourceDate "2024.10.14"]
[SourceVersion "1"]
[SourceVersionDate "2024.10.14"]
[SourceQuality "1"]
[WhiteTeam "St Pauli II"]
[BlackTeam "Bad Schwartau"]
[WhiteTeamCountry "GER"]
[BlackTeamCountry "GER"]

1. d4 Nf6 2. Nf3 d5 3. c4 e6 4. g3 Bb4+ 5. Bd2 Bxd2+ 6. Nbxd2 0-0 7. Bg2 c6 8. Qc2 Nbd7 9. 0-0 b6 10. e4 Bb7 11. cxd5 cxd5 12. e5 Ne8 13. Rfc1 Rc8 14. Qa4 a6 15. Bf1 Nb8 16. Bd3 Nc7 17. Rc3 Na8 18. Rac1 Qd7 19. Qd1 g6 20. Nf1 Rxc3 21. Rxc3 Rc8 22. Qd2 Rxc3 23. bxc3 Qd8 24. g4 Nd7 25. Ng3 Nc7 26. Qh6 Qf8 27. Qh4 f6 28. exf6 Qxf6 29. Ng5 Nf8 30. Qh6 Qg7 31. Qxg7+ Kxg7 32. f4 Bc6 33. Kf2 Bb5 34. Ke3 h6 35. Nf3 Nd7 36. f5 Bxd3 37. Kxd3 gxf5 38. gxf5 Kf6 39. Nh5+ Kxf5 40. h3 b5 41. Ke3 Ne8 42. Ng3+ Kf6 43. Kf4 Nd6 44. Nd2 Nb6 45. Nb3 Na4 46. Ne2 Ne4 47. Ke3 Naxc3 48. Nxc3 Nxc3 49. Nc5 Nxa2 50. Nxa6 Nc3 51. Nc5 Na4 52. Nd3 Nb6 53. Kf4 Nc4 54. Nb4 Nd6 55. Nc6 Nf5 56. Kg4 b4 57. Nxb4 Nxd4 58. Kh5 Nf5 59. Kg4 Ke5 60. Nd3+ Kd4 61. Nf4 Ng7 62. Kf3 e5 63. Ne2+ Kd3 64. Nc1+ Kd2 65. Nb3+ Kc3 66. Nc5 Nf5 67. Ne4+ Kd4 68. Nf2 e4+ 69. Kf4 Ng7 70. Ng4 Nh5+ 71. Kf5 e3 72. Ne5 Ng3+ 73. Kf4 Ne2+ 74. Kf5 Ng1 0-1

[Event "Oberliga Nord N 2223"]
[Site "Germany"]
[Date "2022.11.27"]
[Round "2.7"]
[White "Zieher, Hartmut"]
[Black "Mueller, Friedrich"]
[Result "1-0"]
[WhiteElo "2138"]
[BlackElo "1952"]
[PlyCount "63"]
[EventDate "2022.10.23"]
[EventType "team-tourn"]
[EventRounds "9"]
[EventCountry "GER"]
[SourceTitle "EXT 2025"]
[Source "ChessBase"]
[SourceDate "2024.10.14"]
[SourceVersion "1"]
[SourceVersionDate "2024.10.14"]
[SourceQuality "1"]
[WhiteTeam "Hamburger SK III"]
[BlackTeam "Bad Schwartau"]
[WhiteTeamCountry "GER"]
[BlackTeamCountry "GER"]

1. e4 e5 2. Nf3 Nc6 3. Bb5 a6 4. Ba4 Nf6 5. 0-0 b5 6. Bb3 Be7 7. Re1 d6 8. c3 0-0 9. h3 h6 10. a4 Bb7 11. d3 Na5 12. Bc2 c5 13. Nbd2 Re8 14. Nf1 Bf8 15. Ng3 Nc6 16. Nf5 Ne7 17. N3h4 Nxf5 18. Nxf5 Bc8 19. Qf3 Bxf5 20. Qxf5 Qd7 21. Qf3 Be7 22. Be3 b4 23. cxb4 cxb4 24. Bb3 Rf8 25. Bc4 Bd8 26. a5 Bc7 27. Bxh6 gxh6 28. Qxf6 Kh7 29. d4 Bd8 30. Qf3 f6 31. dxe5 fxe5 32. Qxf8 1-0

[Event "Schleswig Holstein-ch Meisterklasse"]
[Site "Ratzeburg"]
[Date "2017.04.13"]
[Round "6.4"]
[White "Frohberg, Marco"]
[Black "Mueller, Friedrich"]
[Result "1-0"]
[WhiteElo "2201"]
[BlackElo "2044"]
[PlyCount "109"]
[EventDate "2017.04.13"]
[EventType "tourn"]
[EventRounds "9"]
[EventCountry "GER"]
[SourceTitle "EXT 2022"]
[Source "ChessBase"]
[SourceDate "2021.10.06"]
[SourceVersion "1"]
[SourceVersionDate "2021.10.06"]
[SourceQuality "1"]

1. Nf3 Nf6 2. c4 e6 3. b3 Be7 4. g3 0-0 5. Bg2 d5 6. 0-0 c6 7. Bb2 Nbd7 8. d3 b6 9. Nbd2 Bb7 10. e4 Rc8 11. Qe2 dxc4 12. dxc4 c5 13. e5 Ne8 14. Rad1 Qc7 15. Ne4 Bxe4 16. Qxe4 g6 17. h3 Ng7 18. g4 Rfd8 19. Qe3 Nb8 20. Qh6 Rxd1 21. Rxd1 Rd8 22. Rd6 Ne8 23. Rxd8 Qxd8 24. Qc1 Nc6 25. Bf1 Nc7 26. Be2 Na6 27. Qc2 Nab8 28. Qe4 Qc7 29. Nh2 Qd8 30. Bc3 Nd4 31. Bd3 Nbc6 32. f4 a5 33. Nf1 Bh4 34. Ne3 Bg3 35. Ng2 Bh4 36. g5 Nf5 37. Qe2 Ncd4 38. Qd1 h6 39. Bxf5 gxf5 40. Nxh4 hxg5 41. Nf3 Nxf3+ 42. Qxf3 gxf4 43. Kf2 Qd7 44. Ke2 Kg7 45. a4 Qd8 46. Qxf4 Qa8 47. Qf3 Qh8 48. Bd2 Qd8 49. Qh5 Qa8 50. Bh6+ Kh7 51. Bg5+ Kg8 52. Qf3 Qc8 53. Bf6 Kf8 54. Qh5 Ke8 55. Qh8+ 1-0

[Event "Schleswig Holstein-ch Meisterklasse"]
[Site "Ratzeburg"]
[Date "2017.04.13"]
[Round "5.3"]
[White "Mueller, Friedrich"]
[Black "Krause, Ullrich"]
[Result "0-1"]
[WhiteElo "2044"]
[BlackElo "2207"]
[PlyCount "66"]
[EventDate "2017.04.13"]
[EventType "tourn"]
[EventRounds "9"]
[EventCountry "GER"]
[SourceTitle "EXT 2022"]
[Source "ChessBase"]
[SourceDate "2021.10.06"]
[SourceVersion "1"]
[SourceVersionDate "2021.10.06"]
[SourceQuality "1"]

1. e4 d5 2. Nc3 e6 3. d4 Nf6 4. e5 Nfd7 5. Nce2 c5 6. c3 Nc6 7. a3 a5 8. f4 a4 9. Nf3 cxd4 10. cxd4 Nb6 11. Nc3 Bd7 12. Bd3 Na5 13. 0-0 Nb3 14. Rb1 Rc8 15. Bc2 Nxc1 16. Rxc1 Nc4 17. Bxa4 Ne3 18. Bxd7+ Qxd7 19. Qb3 Nxf1 20. Rxf1 Rc4 21. f5 Be7 22. Nd1 Qc6 23. Ne3 Rc1 24. Ne1 Bg5 25. N3c2 0-0 26. Qg3 h6 27. h4 Bd2 28. h5 Rxc2 29. f6 Bg5 30. Nf3 Rc1 31. Nxg5 Rxf1+ 32. Kh2 Rh1+ 33. Kxh1 Qc1+ 0-1

[Event "Schleswig Holstein-ch Meisterklasse"]
[Site "Ratzeburg"]
[Date "2017.04.13"]
[Round "1.5"]
[White "Mueller, Friedrich"]
[Black "Krueger, Wolfgang"]
[Result "1/2-1/2"]
[WhiteElo "2044"]
[BlackElo "2120"]
[PlyCount "43"]
[EventDate "2017.04.13"]
[EventType "tourn"]
[EventRounds "9"]
[EventCountry "GER"]
[SourceTitle "EXT 2022"]
[Source "ChessBase"]
[SourceDate "2021.10.06"]
[SourceVersion "1"]
[SourceVersionDate "2021.10.06"]
[SourceQuality "1"]

1. Nf3 g6 2. g3 Bg7 3. Bg2 c5 4. 0-0 Nc6 5. d3 e5 6. e4 Nge7 7. Be3 d6 8. Qd2 0-0 9. Bh6 f6 10. c3 d5 11. Bxg7 Kxg7 12. Qc2 Be6 13. Nbd2 Qd7 14. Rfd1 Rac8 15. b3 d4 16. c4 Bh3 17. a3 a5 18. Nf1 g5 19. Qd2 Ng6 20. Ne1 h6 21. f3 Bxg2 22. Qxg2 1/2-1/2

[Event "Schleswig Holstein-ch Meisterklasse"]
[Site "Ratzeburg"]
[Date "2017.04.13"]
[Round "2.2"]
[White "Noldt, Torsten"]
[Black "Mueller, Friedrich"]
[Result "1/2-1/2"]
[WhiteElo "1996"]
[BlackElo "2044"]
[PlyCount "50"]
[EventDate "2017.04.13"]
[EventType "tourn"]
[EventRounds "9"]
[EventCountry "GER"]
[SourceTitle "EXT 2022"]
[Source "ChessBase"]
[SourceDate "2021.10.06"]
[SourceVersion "1"]
[SourceVersionDate "2021.10.06"]
[SourceQuality "1"]

1. Nf3 Nf6 2. c4 e6 3. g3 d5 4. Bg2 Be7 5. 0-0 0-0 6. b3 Nbd7 7. Bb2 c6 8. d3 b6 9. Nbd2 Bb7 10. Rc1 Rc8 11. Rc2 c5 12. e3 Qc7 13. Qa1 Qb8 14. Ne5 Nxe5 15. Bxe5 Qa8 16. h3 Rfd8 17. Rd1 Ne8 18. Nf1 Bf6 19. Rcd2 Rd7 20. g4 Rcd8 21. Bxf6 Nxf6 22. Qe5 dxc4 23. Bxb7 Qxb7 24. dxc4 Rxd2 25. Rxd2 Rxd2 1/2-1/2

[Event "Schleswig Holstein-ch VM"]
[Site "Eckernfoerde"]
[Date "2016.03.25"]
[Round "9"]
[White "Braun, Matthias1"]
[Black "Mueller, Friedrich"]
[Result "0-1"]
[WhiteElo "1901"]
[BlackElo "2034"]
[PlyCount "120"]
[EventDate "2016.03.19"]
[EventType "swiss"]
[EventRounds "9"]
[EventCountry "GER"]
[SourceTitle "EXT 2018"]
[Source "ChessBase"]
[SourceDate "2017.10.13"]
[SourceVersion "1"]
[SourceVersionDate "2017.10.13"]
[SourceQuality "1"]

1. d4 d5 2. Nf3 Nf6 3. e3 Bg4 4. Nbd2 e6 5. Bd3 Be7 6. b3 0-0 7. Bb2 Nbd7 8. h3 Bh5 9. Qe2 Bd6 10. g4 Bg6 11. Ne5 Bxd3 12. Qxd3 Qe7 13. f4 Ba3 14. 0-0-0 a5 15. c3 Rfb8 16. f5 b5 17. Nc6 Qd6 18. Nxb8 Rxb8 19. g5 Ne8 20. g6 fxg6 21. fxg6 h6 22. e4 dxe4 23. Nxe4 Qf4+ 24. Kb1 Bxb2 25. Kxb2 Nef6 26. Nxf6+ Nxf6 27. Rhf1 Qd6 28. Rde1 a4 29. b4 a3+ 30. Kb1 Nd5 31. Qf3 Nf6 32. Qe3 Re8 33. Qe5 Qc6 34. Qg3 Ne4 35. Qf4 Nf6 36. Rf3 Kh8 37. Re5 Rg8 38. Rc5 Qe8 39. Rg3 c6 40. Qf3 Nd5 41. Qf7 Qb8 42. Rg2 Qd6 43. Rf2 e5 44. Rf5 Ne7 45. Rf6 Qxf6 46. Rxe5 Qxg6+ 47. Qxg6 Nxg6 48. Re6 Nf4 49. Rxc6 Nxh3 50. Rb6 Nf4 51. Rxb5 g5 52. Rf5 Kg7 53. Ra5 g4 54. Rxa3 g3 55. c4 g2 56. Rg3+ Kf7 57. Rxg2 Rxg2 58. d5 Ke7 59. a4 Kd6 60. a5 Nxd5 0-1

[Event "Schleswig Holstein-ch VM"]
[Site "Eckernfoerde"]
[Date "2016.03.22"]
[Round "5"]
[White "Krueger, Kai Karl"]
[Black "Mueller, Friedrich"]
[Result "1/2-1/2"]
[WhiteElo "2144"]
[BlackElo "2034"]
[PlyCount "27"]
[EventDate "2016.03.19"]
[EventType "swiss"]
[EventRounds "9"]
[EventCountry "GER"]
[SourceTitle "EXT 2018"]
[Source "ChessBase"]
[SourceDate "2017.10.13"]
[SourceVersion "1"]
[SourceVersionDate "2017.10.13"]
[SourceQuality "1"]

1. d4 Nf6 2. c4 e6 3. Nc3 d5 4. Bg5 Be7 5. e3 Nbd7 6. Nf3 0-0 7. Bd3 dxc4 8. Bxc4 h6 9. Bh4 a6 10. 0-0 b5 11. Bd3 Bb7 12. Rc1 Rc8 13. Qe2 c5 14. Bxf6 1/2-1/2

[Event "Schleswig Holstein-ch VM"]
[Site "Eckernfoerde"]
[Date "2016.03.20"]
[Round "2"]
[White "Mueller, Friedrich"]
[Black "Moysich, Dirk"]
[Result "1/2-1/2"]
[WhiteElo "2034"]
[BlackElo "1846"]
[PlyCount "116"]
[EventDate "2016.03.19"]
[EventType "swiss"]
[EventRounds "9"]
[EventCountry "GER"]
[SourceTitle "EXT 2018"]
[Source "ChessBase"]
[SourceDate "2017.10.13"]
[SourceVersion "1"]
[SourceVersionDate "2017.10.13"]
[SourceQuality "1"]

1. e4 d6 2. Nf3 Nf6 3. d3 e5 4. g3 Be7 5. Bg2 0-0 6. b3 c6 7. 0-0 Nbd7 8. Bb2 a5 9. a4 Qc7 10. Nbd2 Re8 11. Re1 Bf8 12. Nc4 b5 13. Ne3 Bb7 14. Qd2 Nc5 15. Nh4 g6 16. f4 Bg7 17. f5 bxa4 18. bxa4 d5 19. fxg6 hxg6 20. Qc3 Qb6 21. exd5 cxd5 22. Qa3 Ncd7 23. Kh1 Rac8 24. Rab1 Qc7 25. Qa1 d4 26. Nc4 Bxg2+ 27. Nxg2 Nd5 28. Re2 Rb8 29. Rbe1 f6 30. Bxd4 Kf7 31. Bb2 Bf8 32. Ba3 Nb4 33. Nge3 Qc6+ 34. Kg1 Qxa4 35. Bxb4 Qxa1 36. Rxa1 axb4 37. Rb1 Bc5 38. Kf1 Nb6 39. Rb3 Nxc4 40. Nxc4 Ke6 41. Re1 Ra8 42. Ke2 Ra2 43. Kd2 Rh8 44. Rh1 Rha8 45. Rhb1 Ra1 46. Kd1 Rxb1+ 47. Rxb1 Rh8 48. h4 g5 49. Ke2 gxh4 50. g4 h3 51. Rh1 h2 52. Nd2 Rh4 53. Kf3 Bg1 54. Kg3 Rh7 55. Nf3 Kd5 56. Nxg1 hxg1Q+ 57. Rxg1 Kd4 58. Rb1 Rb7 1/2-1/2

[Event "Schleswig Holstein-ch VM"]
[Site "Eckernfoerde"]
[Date "2016.03.19"]
[Round "1"]
[White "Henne, Jochen"]
[Black "Mueller, Friedrich"]
[Result "0-1"]
[WhiteElo "1893"]
[BlackElo "2034"]
[PlyCount "28"]
[EventDate "2016.03.19"]
[EventType "swiss"]
[EventRounds "9"]
[EventCountry "GER"]
[SourceTitle "EXT 2018"]
[Source "ChessBase"]
[SourceDate "2017.10.13"]
[SourceVersion "1"]
[SourceVersionDate "2017.10.13"]
[SourceQuality "1"]

1. e4 e5 2. f4 exf4 3. Nf3 Nf6 4. Nc3 d5 5. e5 Ne4 6. d3 Nxc3 7. bxc3 g5 8. d4 g4 9. Bxf4 gxf3 10. Qxf3 c6 11. Bd3 Be6 12. Qh5 Qd7 13. Bg5 Be7 14. Bh6 Bg4 0-1

[Event "Schleswig Holstein-ch Seniors"]
[Site "Hanerau"]
[Date "2015.04.01"]
[Round "6"]
[White "Gutschenreiter, Dorian"]
[Black "Mueller, Friedrich"]
[Result "1-0"]
[WhiteElo "1851"]
[BlackElo "2099"]
[PlyCount "155"]
[EventDate "2015.03.28"]
[EventType "swiss"]
[EventRounds "9"]
[EventCountry "GER"]
[SourceTitle "EXT 2018"]
[Source "ChessBase"]
[SourceDate "2017.10.13"]
[SourceVersion "1"]
[SourceVersionDate "2017.10.13"]
[SourceQuality "1"]

1. e4 e5 2. Nf3 Nc6 3. Bb5 a6 4. Ba4 Nf6 5. 0-0 Be7 6. Re1 b5 7. Bb3 d6 8. c3 0-0 9. h3 h6 10. d4 Re8 11. Nbd2 Bf8 12. Nf1 Bb7 13. Ng3 Na5 14. Bc2 Nc4 15. b3 Nb6 16. dxe5 dxe5 17. Be3 Nbd7 18. b4 c5 19. a3 Qc7 20. Bb3 Rad8 21. Nh4 cxb4 22. cxb4 Nc5 23. Qc2 Ne6 24. Qxc7 Nxc7 25. Bb6 Rd3 26. Bxf7+ Kxf7 27. Bxc7 Re7 28. Bb6 Re6 29. Ba7 Rc6 30. Nf3 Ke6 31. Re3 Rcc3 32. Ne2 Rxe3 33. Bxe3 Rc2 34. Ned4+ exd4 35. Nxd4+ Ke5 36. Nxc2 Bxe4 37. Nd4 Nd5 38. f4+ Kd6 39. Bd2 Nb6 40. Re1 Kd5 41. Ne6 Kxe6 42. Rxe4+ Kd7 43. Kf2 Nc4 44. Bc1 Be7 45. Ke2 Bf6 46. g4 Nd6 47. Re3 Nc4 48. Rd3+ Ke6 49. Kf3 Be7 50. f5+ Kf7 51. Ke4 Ke8 52. Kd5 Kd7 53. Ke4+ Kc6 54. Rc3 Bf6 55. Rc2 Kd6 56. Bf4+ Kc6 57. a4 Be7 58. Rxc4+ bxc4 59. Kd4 Bxb4 60. Kxc4 Be7 61. Be5 Bf6 62. Bxf6 gxf6 63. Kd4 Kd6 64. h4 Kc6 65. Ke4 Kd6 66. a5 Kc6 67. g5 fxg5 68. hxg5 hxg5 69. f6 Kd7 70. Kf5 Ke8 71. Kxg5 Kf7 72. Kf5 Kf8 73. Ke6 Ke8 74. Kd6 Kf7 75. Kc6 Kxf6 76. Kb6 Ke7 77. Kxa6 Kd7 78. Kb7 1-0

[Event "Schleswig Holstein-ch Seniors"]
[Site "Hanerau"]
[Date "2015.03.31"]
[Round "5"]
[White "Mueller, Friedrich"]
[Black "Petri, Alexander"]
[Result "0-1"]
[WhiteElo "2099"]
[BlackElo "2167"]
[PlyCount "26"]
[EventDate "2015.03.28"]
[EventType "swiss"]
[EventRounds "9"]
[EventCountry "GER"]
[SourceTitle "EXT 2018"]
[Source "ChessBase"]
[SourceDate "2017.10.13"]
[SourceVersion "1"]
[SourceVersionDate "2017.10.13"]
[SourceQuality "1"]

1. e4 c6 2. d3 d5 3. Nd2 Qc7 4. Ngf3 Bg4 5. h3 Bh5 6. Be2 e6 7. e5 c5 8. c3 Nd7 9. d4 Ne7 10. 0-0 cxd4 11. cxd4 Nc6 12. Nb3 Be7 13. Bg5 Bxf3 0-1

[Event "GER-chT North U12"]
[Site "Magdeburg"]
[Date "2014.09.13"]
[Round "5.3"]
[White "Mueller, Friedrich"]
[Black "Jaeger, Gustav"]
[Result "0-1"]
[WhiteElo "800"]
[BlackElo "1239"]
[PlyCount "112"]
[EventDate "2014.09.11"]
[EventType "team-swiss"]
[EventRounds "7"]
[EventCountry "GER"]
[SourceTitle "EXT 2016"]
[Source "ChessBase"]
[SourceDate "2015.10.08"]
[SourceVersion "1"]
[SourceVersionDate "2015.10.08"]
[SourceQuality "1"]
[WhiteTeam "Hamburg Diogenes"]
[BlackTeam "Magdeburg USC"]
[WhiteTeamCountry "GER"]
[BlackTeamCountry "GER"]

1. e4 e5 2. Nf3 Nc6 3. Bc4 Bc5 4. Nc3 Nf6 5. d3 d6 6. Be3 Bb6 7. Qd2 Be6 8. Bb3 0-0 9. Ng5 Qd7 10. Nd5 Bxd5 11. Bxd5 h6 12. Nf3 Nxd5 13. exd5 Ne7 14. c4 c6 15. dxc6 Nxc6 16. 0-0 Qc7 17. Bxh6 gxh6 18. Qxh6 f6 19. Nh4 Qh7 20. Qxh7+ Kxh7 21. Nf5 Bc5 22. a3 Kg6 23. g4 Bd4 24. Rab1 Rad8 25. Nxd4 Nxd4 26. b4 Kf7 27. Rfd1 Ne2+ 28. Kf1 Nc3 29. a4 Nxd1 30. Rxd1 d5 31. c5 Rc8 32. h4 Kg6 33. Re1 Rfe8 34. Kg2 b6 35. cxb6 axb6 36. a5 bxa5 37. bxa5 Rc5 38. d4 Rxa5 39. h5+ Kg5 40. f3 e4 41. Kg3 Ra3 42. Rf1 Rxf3+ 43. Rxf3 exf3 44. Kxf3 Re4 45. h6 Kxh6 46. Kg3 Rxd4 47. Kh4 f5 48. Kg3 Rxg4+ 49. Kf3 Re4 50. Kf2 d4 51. Kf1 d3 52. Kf2 d2 53. Kg3 d1Q 54. Kg2 Re3 55. Kh2 Qd2+ 56. Kg1 Re1# 0-1

[Event "GER-chT North U12"]
[Site "Magdeburg"]
[Date "2014.09.11"]
[Round "2.3"]
[White "Ufkes, Enno"]
[Black "Mueller, Friedrich"]
[Result "1/2-1/2"]
[WhiteElo "1020"]
[BlackElo "800"]
[PlyCount "85"]
[EventDate "2014.09.11"]
[EventType "team-swiss"]
[EventRounds "7"]
[EventCountry "GER"]
[SourceTitle "EXT 2016"]
[Source "ChessBase"]
[SourceDate "2015.10.08"]
[SourceVersion "1"]
[SourceVersionDate "2015.10.08"]
[SourceQuality "1"]
[WhiteTeam "Aurich"]
[BlackTeam "Hamburg Diogenes"]
[WhiteTeamCountry "GER"]
[BlackTeamCountry "GER"]

1. e4 e5 2. Nf3 Nc6 3. Bc4 Bc5 4. c3 Nf6 5. d4 exd4 6. e5 Ne4 7. Bd5 Nxf2 8. Kxf2 dxc3+ 9. Ke1 cxb2 10. Bxb2 Bb4+ 11. Bc3 Bxc3+ 12. Nxc3 Qe7 13. Qe2 0-0 14. Bxc6 dxc6 15. Ne4 Bg4 16. Rb1 b6 17. Rc1 c5 18. h3 Bxf3 19. Qxf3 Qxe5 20. Kf2 Rfe8 21. Rhe1 Qb2+ 22. Kg1 Qxa2 23. Rf1 Rad8 24. Ra1 Qc4 25. Rfe1 a5 26. Ng5 Rxe1+ 27. Rxe1 f6 28. Ne6 Re8 29. Qe3 Kf7 30. Nd8+ Rxd8 31. Qe7+ Kg6 32. Qxd8 Qf7 33. Re7 Qa2 34. Qxc7 Qa1+ 35. Kh2 a4 36. Qxb6 a3 37. Re2 Qc1 38. Ra2 Qf4+ 39. g3 Qe3 40. h4 Kh5 41. Kh3 Qd4 42. Rxa3 Qg4+ 43. Kg2 1/2-1/2

[Event "Schleswig Holstein-ch Seniors"]
[Site "Leck"]
[Date "2014.04.18"]
[Round "9"]
[White "Mueller, Friedrich"]
[Black "Reinecker, Kai"]
[Result "1/2-1/2"]
[WhiteElo "2083"]
[BlackElo "2261"]
[PlyCount "65"]
[EventDate "2014.04.12"]
[EventType "swiss"]
[EventRounds "9"]
[EventCountry "GER"]
[SourceTitle "EXT 2018"]
[Source "ChessBase"]
[SourceDate "2017.10.13"]
[SourceVersion "1"]
[SourceVersionDate "2017.10.13"]
[SourceQuality "1"]

1. e4 e5 2. Nf3 Nf6 3. d3 Nc6 4. Be2 d5 5. Nbd2 Bc5 6. c3 a5 7. a4 0-0 8. 0-0 Be6 9. Qc2 Qe7 10. Ng5 Bd7 11. Nb3 dxe4 12. Nxc5 Qxc5 13. Nxe4 Nxe4 14. dxe4 Nd4 15. Qd1 Nxe2+ 16. Qxe2 Be6 17. Be3 Qc6 18. Qc2 Bc4 19. Rfd1 Qe6 20. Ra3 Rad8 21. b3 Rxd1+ 22. Qxd1 Qe7 23. Ra2 Rd8 24. Rd2 Rxd2 25. Bxd2 Bd3 26. f3 Qc5+ 27. Kh1 Qf2 28. Qe1 Qxe1+ 29. Bxe1 Bc2 30. c4 Bxb3 31. c5 Bxa4 32. Bxa5 c6 33. g3 1/2-1/2

[Event "Schleswig Holstein-ch Seniors"]
[Site "Leck"]
[Date "2014.04.17"]
[Round "8"]
[White "Krause, Ullrich"]
[Black "Mueller, Friedrich"]
[Result "1-0"]
[WhiteElo "2298"]
[BlackElo "2083"]
[PlyCount "81"]
[EventDate "2014.04.12"]
[EventType "swiss"]
[EventRounds "9"]
[EventCountry "GER"]
[SourceTitle "EXT 2018"]
[Source "ChessBase"]
[SourceDate "2017.10.13"]
[SourceVersion "1"]
[SourceVersionDate "2017.10.13"]
[SourceQuality "1"]

1. Nf3 d5 2. d4 Nf6 3. c4 e6 4. g3 Bb4+ 5. Bd2 Be7 6. Bg2 0-0 7. 0-0 Nbd7 8. Qc2 c6 9. Bf4 Nh5 10. Bc1 Nhf6 11. Nbd2 b6 12. e4 Bb7 13. Rd1 Rc8 14. b3 Qc7 15. Bb2 dxe4 16. Nxe4 c5 17. Nxf6+ Nxf6 18. d5 exd5 19. Be5 Qd8 20. Ng5 g6 21. h4 h6 22. Ne6 fxe6 23. Qxg6+ Kh8 24. Qxh6+ Kg8 25. Qg6+ Kh8 26. Be4 dxe4 27. Qh6+ Kg8 28. Qg6+ Kh8 29. Rxd8 Rcxd8 30. Qh6+ Kg8 31. Qg6+ Kh8 32. g4 Rd7 33. Qh6+ Kg8 34. Qg6+ Kh8 35. g5 Bd8 36. gxf6 Rdf7 37. Qh6+ Kg8 38. Qg6+ Kh8 39. Kh2 Bc7 40. Qh6+ Kg8 41. Rg1+ 1-0

[Event "Schleswig Holstein-ch Seniors"]
[Site "Leck"]
[Date "2014.04.16"]
[Round "7"]
[White "Homuth, Manfred"]
[Black "Mueller, Friedrich"]
[Result "1-0"]
[WhiteElo "2176"]
[BlackElo "2083"]
[PlyCount "63"]
[EventDate "2014.04.12"]
[EventType "swiss"]
[EventRounds "9"]
[EventCountry "GER"]
[SourceTitle "EXT 2018"]
[Source "ChessBase"]
[SourceDate "2017.10.13"]
[SourceVersion "1"]
[SourceVersionDate "2017.10.13"]
[SourceQuality "1"]

1. e4 e5 2. Nf3 Nc6 3. Bb5 a6 4. Ba4 Nf6 5. d4 exd4 6. 0-0 Be7 7. Re1 b5 8. Bb3 d6 9. Bd5 Nxd5 10. exd5 Ne5 11. Nxd4 0-0 12. a4 Bd7 13. f4 Ng6 14. Nc3 b4 15. Ne4 Re8 16. Bd2 a5 17. c3 Bh4 18. g3 Bf6 19. Nb5 bxc3 20. Nxf6+ Qxf6 21. Bxc3 Qd8 22. Rxe8+ Qxe8 23. Qd4 f6 24. Nxc7 Nh4 25. gxh4 Qg6+ 26. Kh1 Bf5 27. Re1 Rc8 28. Ne6 Re8 29. Re3 Re7 30. Rg3 Be4+ 31. Kg1 Qh5 32. Qxe4 1-0

[Event "Schleswig Holstein-ch Seniors"]
[Site "Leck"]
[Date "2014.04.14"]
[Round "3"]
[White "Mueller, Friedrich"]
[Black "Kitschke, Heiko"]
[Result "1-0"]
[WhiteElo "2083"]
[BlackElo "2066"]
[PlyCount "77"]
[EventDate "2014.04.12"]
[EventType "swiss"]
[EventRounds "9"]
[EventCountry "GER"]
[SourceTitle "EXT 2018"]
[Source "ChessBase"]
[SourceDate "2017.10.13"]
[SourceVersion "1"]
[SourceVersionDate "2017.10.13"]
[SourceQuality "1"]

1. e4 e6 2. d3 d5 3. Nd2 Nf6 4. Ngf3 b6 5. g3 dxe4 6. dxe4 Bb7 7. Qe2 Nc6 8. c3 a5 9. Bg2 Bc5 10. 0-0 Ba6 11. c4 e5 12. Nb3 Be7 13. Rd1 Qc8 14. Nbd2 0-0 15. b3 h6 16. Bb2 Qe6 17. Nb1 Rad8 18. Nc3 Nd4 19. Nxd4 exd4 20. Nb5 Bxb5 21. cxb5 Bc5 22. Rd3 Rfe8 23. Re1 Bb4 24. Red1 Nxe4 25. Rxd4 Rxd4 26. Rxd4 Nd2 27. Qxe6 Rxe6 28. Rd8+ Kh7 29. Bh3 Re1+ 30. Kg2 Kg6 31. Rd5 f6 32. a3 Nxb3 33. axb4 axb4 34. Bf5+ Kf7 35. Rd7+ Re7 36. Bg6+ Ke6 37. Rd3 Na5 38. f4 f5 39. g4 1-0

[Event "Schleswig Holstein-ch M class"]
[Site "Schleswig Holstein"]
[Date "2012.04.06"]
[Round "9"]
[White "Mueller, Friedrich"]
[Black "Budzyn, Matthias"]
[Result "0-1"]
[WhiteElo "2059"]
[BlackElo "2158"]
[PlyCount "134"]
[EventDate "2012.03.31"]
[EventType "swiss"]
[EventRounds "9"]
[EventCountry "GER"]
[SourceTitle "EXT 2022"]
[Source "ChessBase"]
[SourceDate "2021.10.06"]
[SourceVersion "1"]
[SourceVersionDate "2021.10.06"]
[SourceQuality "1"]

1. Nf3 Nf6 2. g3 g6 3. Bg2 Bg7 4. 0-0 0-0 5. d3 d5 6. Nbd2 c5 7. e4 d4 8. a4 Nc6 9. Nc4 h6 10. Nh4 Be6 11. Nd2 Qd7 12. f4 Bg4 13. Nhf3 Rac8 14. Nc4 Ne8 15. Qe1 Bxf3 16. Rxf3 Nd6 17. Nxd6 exd6 18. b3 Qe7 19. Rf2 d5 20. Bd2 dxe4 21. Bxe4 Qd6 22. Qf1 f5 23. Bf3 b6 24. Qg2 Nb8 25. Re1 Rce8 26. Rfe2 Qd7 27. g4 Rxe2 28. Qxe2 Kh7 29. gxf5 gxf5 30. Qe6 Rg8 31. Qxd7 Nxd7 32. Re7 Rd8 33. Be1 Kg6 34. Bh4 Bf6 35. Re6 Kf7 36. Bd5 Kg7 37. Bxf6+ Nxf6 38. Re7+ Kh8 39. Bf3 Rd7 40. Re5 Ng4 41. Bxg4 fxg4 42. Kf2 Kg7 43. Kg3 Kf6 44. Kxg4 Rg7+ 45. Kf3 Rg1 46. Re2 Rf1+ 47. Ke4 Ke6 48. Rg2 Re1+ 49. Kf3 Kf5 50. Rg7 Rc1 51. Rf7+ Ke6 52. Rxa7 Rxc2 53. Rb7 Rd2 54. Rxb6+ Kd5 55. f5 Rxd3+ 56. Kf2 Ke4 57. f6 Rf3+ 58. Ke2 d3+ 59. Kd2 Rf2+ 60. Ke1 d2+ 61. Kd1 Kd3 62. Rd6+ Kc3 63. a5 Rf1+ 64. Ke2 Re1+ 65. Kf2 d1Q 66. Rxd1 Rxd1 67. a6 Rd6 0-1